Christian–Jewish Relations 1000–1300 : (Record no. 1678336)

MARC details
000 -LEADER
fixed length control field 00540 a2200193 4500
005 - DATE AND TIME OF LATEST TRANSACTION
control field 20260302102440.0
008 - FIXED-LENGTH DATA ELEMENTS--GENERAL INFORMATION
fixed length control field 260205b |||||||| |||| 00| 0 eng d
020 ## - INTERNATIONAL STANDARD BOOK NUMBER
International Standard Book Number 9780367552237
040 ## - CATALOGING SOURCE
Transcribing agency SDCL
041 S# - LANGUAGE CODE
Source of code eng
Language code of text/sound track or separate title eng
084 ## - COLON CLASSIFICATION NUMBER
Classification number V5'J R5
100 ## - MAIN ENTRY--PERSONAL NAME
Personal name Abulafia, Anna Sapir
245 ## - TITLE STATEMENT
Title Christian–Jewish Relations 1000–1300 :
Remainder of title Jews in the Service of Medieval Christendom
250 ## - EDITION STATEMENT
Edition statement 2nd.
260 ## - PUBLICATION, DISTRIBUTION, ETC.
Place of publication, distribution, etc. New York :
Name of publisher, distributor, etc. Routledge,
Date of publication, distribution, etc. 2025.
300 ## - PHYSICAL DESCRIPTION
Extent xxiv, 227p.
490 ## - SERIES STATEMENT
Series statement The medieval world
942 ## - ADDED ENTRY ELEMENTS (KOHA)
Koha item type Textual
Source of classification or shelving scheme Colon Classification (CC)
999 ## -
-- 1678336
-- 1678336
Holdings
Withdrawn status Lost status Source of classification or shelving scheme Damaged status Not for loan Home library Current library Date acquired Source of acquisition Cost, normal purchase price Inventory number Total checkouts Full call number Barcode Date last seen Cost, replacement price Price effective from Koha item type
    Colon Classification (CC)     South Campus Library South Campus Library 2025-12-17 18 3674.39 2552 & 17/12/2025   V5'J R5 SC1691693 2025-12-17 4592.99 2025-12-17 Textual
Copyright @ Delhi University Library System